Modérapousses - Statistiques

Statistiques générales
  • Ce quiz a été pris 79 fois
    63 depuis la dernière actualisation
  • Le résultat moyen est 10 sur 12
Statistiques - réponses
Hint Réponse % Correct
. EmmaE15
100%
. Aquarelletheunicorn
93%
. Arelgumada
93%
. Ch_oo_
93%
. Moobot
93%
. Saraloutre
93%
. Corax_
87%
. Cliriel
80%
. Miikiiiiiiii
80%
. KayMbc
73%
. Clem_mlrt
67%
. LisTonSujet
67%
Aucun quiz correspondant
Distribution des résultats
% des personnes avec chaque résultat
Percentile par nombre de réponses
Votre historique - résultats
Vous n’avez pas pris ce quiz depuis la dernière actualisation